000 00759nam a2200241 a 4500
001 BRCA_5990
005 20190320205306.0
008 290311s1958----ne-a######---#000-0#dut-#
041 _adut
044 _ane
050 4 _aNK7153
_b.D81 1958
100 1 _aDuyveneì de Wit-Klinkhamer, Th. M.
_915132
245 1 0 _aGeschiedenis van het Nederlandse zilver
_cby M. H. Gans and Th. M. Duyvene´ de Wit-Klinkhamer.
260 _aAmsterdam
_bJ. H. de Bussy
_c1958
300 _a112 p.
_bil., 144 láminas
_c25 cm.
500 _aG102
504 _aBibliografía: p. 103-107
650 1 4 _aPlatería
_xHistoria
_zHolanda
_915133
650 1 4 _aMarcas de orfebrería
_zHolanda
_915134
700 1 _aGans, M. H.
_qMozes Heiman
_915135
902 _aGFM
942 _2lcc
_cB
999 _c5679
_d5679